| 000 | 01467nam a2200361 a 4500 | ||
|---|---|---|---|
| 003 | CHAP | ||
| 005 | 20251111094119.0 | ||
| 008 | 101203s2008 mx 00010 spa d | ||
| 010 | _a100049 | ||
| 011 | _a101021 | ||
| 020 | _a9786071200136 | ||
| 035 | _a111707 | ||
| 040 | _cCHAP | ||
| 090 | _aCD-313 | ||
| 111 | 2 |
_aCongreso Nacional sobre Desarrollo Sustentable, MIPYMES y Calidad de Vida ( _n3 _d: Chapingo, Méx. _c: 2008) _927124 |
|
| 245 | 1 | 0 |
_aTercer congreso nacional sobre desarrollo sustentable, MIPYMES y calidad de vida, 4 y 5 de septiembre [Disco compacto] _c/compilado por Esther Figueroa Hernández, Francisco Pérez Soto y Maria Elena Tavera Cortes |
| 260 |
_aChapingo, Méx. : _bUACH, _c2008 |
||
| 300 |
_a1 disco compacto ; _c4 3/4 plgs. |
||
| 590 |
_aBATCH-UPD _b10 _c20130110 _lUCH01 _h1306 |
||
| 590 |
_aBATCH-UPD _b10 _c20130410 _lUCH01 _h0822 |
||
| 590 |
_aBATCH-UPD _b10 _c20130914 _lUCH01 _h1033 |
||
| 590 |
_aCONVERSION _b10 _c20130109 _lUCH01 _h1355 |
||
| 650 | 0 | 4 |
_aCostos y nivel de vida. _928518 |
| 650 | 0 | 4 |
_aDesarrollo rural _xCongresos. _932070 |
| 650 | 0 | 4 |
_aDesarrollo sustentable _xCongresos. _932085 |
| 700 | 1 |
_aFigueroa Hernández, Esther _e, comp. _940817 |
|
| 700 | 0 |
_aPérez Soto, Francisco _e, copm. _990046 |
|
| 700 | 1 |
_aTavera Cortés, María Elena _e, comp. _9111761 |
|
| 901 | _aBK | ||
| 942 | _cCD | ||
| 949 |
_aCD-313 _bBC _cCD _d33724002221876 _eCD _fc.2 _i111707 _sb |
||
| 949 |
_aCD-313 _bBC _cCD _d33724002222248 _eCD _i111707 _sb |
||
| 999 |
_c100049 _d100049 |
||